[Event "Tourn. n8904"]
[Site "www.chess-mail.com"]
[Date "2016.08.27"]
[Round "1"]
[White "Francesco"]
[Black "Orhany24"]
[WhiteElo "2000"]
[BlackElo "2190"]
[Result "1/2-1/2"]
[Round "1"]
1.e4 e5
2.Ng1f3 Nb8c6
3.d4 exd4
4.Nf3xd4 Bf8c5
5.Nd4b3 Bc5b6
6.Nb1c3 d6
7.Bf1c4 Ng8e7
8.Bc1g5 O-O
9.O-O h6
10.Bg5h4 Nc6e5
11.Bc4e2 Bc8e6
12.Nb3d4 Be6d7
13.Kh1 Ne5g6
14.Bh4g3 Kh8
15.f4 f5
16.Be2f3 c6
17.Qd1d2 fxe4
18.Bf3xe4 d5
19.Be4f3 Ne7f5
20.Nd4xf5 Bd7xf5
21.Ra1e1 Qd8d7
22.Nc3a4 Bb6d8
23.Na4c5 Qd7c7
24.Nc5e6 Bf5xe6
25.Re1xe6 Bd8f6
26.f5 Ng6e5
27.Rf1e1 Ne5xf3
28.gxf3 Qc7d8
29.Bg3d6 Rf8f7
30.Re6e8 Qd8xe8
31.Re1xe8 Ra8xe8
32.Qd2b4 Kh7
33.b3 Bf6g5
34.Qb4g4 { draw }
1/2-1/2

[Event "Match"]
[Site "www.echecsemail.com"]
[Date "2016.08.27"]
[Round "1"]
[White "Ledzepp"]
[Black "Coraza8091"]
[WhiteElo "1350"]
[BlackElo "1650"]
[Result "1-0"]
[Round "1"]
1.e4 e5
2.Ng1f3 Nb8c6
3.d4 Bf8b4
4.c3 Bb4a5
5.dxe5 Ng8f6
6.exf6 Qd8xf6
7.Bc1g5 Qf6e6
8.Nb1d2 O-O
9.Bf1c4 Qe6g6
10.Qd1c2 Ba5b6
11.O-O-O Bb6xf2
12.Rh1f1 Bf2c5
13.h4 Rf8e8
14.Nf3d4 Bc5xd4
15.cxd4 Nc6xd4
16.Qc2d3 Nd4e6
17.Nd2f3 Ne6c5
18.Qd3d5 Nc5e6
19.Nf3e5 Qg6h5
20.Ne5xf7 c6
21.Qd5f5 d5
22.exd5 Ne6xg5
23.Qf5f4 Bc8g4
24.Rd1d2 Ng5xf7
25.dxc6 Bg4e6
26.cxb7 Ra8b8
27.Bc4xe6 Rb8xb7
28.Be6c4 Re8c8
29.g4 Qh5g6
30.Rd2c2 Rb7c7
31.Bc4xf7 Qg6xf7
32.Qf4xf7 { resign }
1-0

[Event "Match"]
[Site "www.echecsemail.com"]
[Date "2016.08.27"]
[Round "1"]
[White "Billyg"]
[Black "Raulazo"]
[WhiteElo "1580"]
[BlackElo "1920"]
[Result "0-1"]
[Round "1"]
1.e4 e5
2.Ng1f3 Nb8c6
3.Bf1b5 Nc6d4
4.Nf3xd4 exd4
5.O-O c6
6.Bb5c4 b5
7.Bc4b3 a5
8.Qd1f3 Qd8f6
9.Qf3xf6 Ng8xf6
10.Rf1e1 Bf8e7
11.d3 a4
12.Bb3xf7 Kxf7
13.h3 Be7b4
14.c3 Bb4c5
15.b4 axb3
16.a3 d6
17.Bc1b2 Bc8a6
18.cxd4 Bc5b6
19.Re1c1 Rh8c8
20.d5 c5
21.d4 cxd4
22.Rc1xc8 Ra8xc8
23.Nb1d2 Rc8c2
24.Bb2c1 b2
25.Bc1xb2 Rc2xd2
26.Bb2c1 Rd2c2
27.Bc1f4 d3
28.e5 dxe5
29.Bf4xe5 Rc2xf2
30.Kh1 Nf6xd5
31.a4 b4
32.a5 Bb6c7
33.Be5xc7 b3
34.Kg1 Rf2c2
35.Ra1f1 Kg6
36.Bc7b6 d2
37.Rf1b1 Rc2c1
38.Rb1xc1 dxc1Q
{ resign }
0-1

[Event "1/16 Finale"]
[Site "www.chess-mail.com"]
[Date "2016.08.27"]
[Round "1"]
[White "Sandokam"]
[Black "Asoka"]
[WhiteElo "2140"]
[BlackElo "2700"]
[Result "0-1"]
[Round "1"]
1.d4 Ng8f6
2.c4 g6
3.Nb1c3 Bf8g7
4.e4 d6
5.Bf1e2 O-O
6.Ng1f3 e5
7.d5 Nf6h5
8.g3 Nh5f6
9.Nf3d2 a5
10.h4 h5
11.Qd1c2 Nb8a6
12.a3 Bc8d7
13.Nd2f3 c6
14.Bc1g5 Qd8c7
15.O-O Rf8c8
16.Ra1c1 Na6c5
17.Bg5xf6 Bg7xf6
18.Nf3d2 a4
19.Rc1a1 Qc7b6
20.Ra1b1 Qb6a7
21.Kh2 Rc8d8
22.Rb1a1 Bf6g7
23.Qc2d1 Bg7h6
24.Ra1b1 cxd5
25.cxd5 Ra8b8
26.Kg2 b5
27.f3 Rd8c8
28.Nc3a2 Nc5a6
29.Rb1c1 Qa7d4
{ resign }
0-1

[Event "Tourn. n8871"]
[Site "www.chess-mail.com"]
[Date "2016.08.28"]
[Round "1"]
[White "Redabond"]
[Black "Olddog55"]
[WhiteElo "1620"]
[BlackElo "1740"]
[Result "1-0"]
[Round "1"]
1.d4 d5
2.Bc1f4 e6
3.Nb1c3 Ng8f6
4.Nc3b5 Nb8a6
5.e3 Bc8d7
6.Nb5c3 c5
7.Nc3b5 Qd8b6
8.Nb5d6 Bf8xd6
9.Bf4xd6 Qb6xd6
10.c3 O-O
11.Bf1xa6 Qd6xa6
12.Ng1f3 Nf6e4
13.Nf3e5 Bd7b5
14.f3 Bb5a4
15.b3 Ne4xc3
16.Qd1d2 Nc3b5
17.bxa4 Qa6xa4
18.O-O cxd4
19.exd4 Nb5xd4
20.Ra1b1 Ra8c8
21.Rb1xb7 Rc8c2
22.Qd2d1 Nd4e2
23.Kh1 Qa4xa2
24.Qd1b1 Ne2c3
25.Qb1xa2 Rc2xa2
26.Rf1c1 d4
27.Rb7d7 Nc3e2
28.Rc1e1 a5
29.Ne5c6 Ra2a4
30.h3 Ra4c4
31.Nc6e7 Kh8
32.Re1xe2 Rc4c1
33.Kh2 Rc1d1
34.Ne7c6 d3
35.Re2e3 g6
36.Nc6xa5 d2
37.Re3e2 Rd1a1
38.Re2xd2 Ra1xa5
39.g4 f5
40.Rd7e7 e5
41.Rd2e2 Ra5a3
42.Kg2 fxg4
43.hxg4 Rf8xf3
44.Re7xe5 Rf3g3
45.Kf1 Rg3xg4
46.Re5e8 Kg7
47.Re8e7 Kh6
48.Re2h2 Kg5
49.Re7xh7 Rg4f4
50.Ke1 Kf5
51.Rh7f7 Ke4
52.Rh2e2 Kd3
53.Rf7xf4 { resign }
1-0

[Event "Tourn. n8912"]
[Site "www.chess-mail.com"]
[Date "2016.08.28"]
[Round "1"]
[White "Szustan"]
[Black "Paaliaq"]
[WhiteElo "2590"]
[BlackElo "2580"]
[Result "1/2-1/2"]
[Round "1"]
1.e4 g6
2.d4 Bf8g7
3.Nb1c3 a6
4.Ng1f3 d6
5.Bf1e2 Ng8f6
6.O-O O-O
7.Rf1e1 Nb8c6
8.d5 Nc6e5
9.Nf3xe5 dxe5
10.Bc1e3 e6
11.Be3c5 Rf8e8
12.Be2c4 exd5
13.Nc3xd5 Bc8e6
14.Bc4b3 b6
15.Nd5xf6 Bg7xf6
{ draw }
1/2-1/2

[Event "Tourn. n8771"]
[Site "www.chess-mail.com"]
[Date "2016.08.28"]
[Round "1"]
[White "Robert66"]
[Black "Claudia"]
[WhiteElo "2090"]
[BlackElo "1830"]
[Result "0-1"]
[Round "1"]
1.e4 c5
2.Ng1f3 d6
3.d4 cxd4
4.Nf3xd4 Ng8f6
5.Nb1c3 e6
6.Bf1d3 a6
7.Bc1g5 Bf8e7
8.O-O O-O
9.Qd1f3 Qd8c7
10.Bg5xf6 Be7xf6
11.Nd4e2 Nb8c6
12.a3 Nc6e5
13.Qf3h3 Ne5xd3
14.cxd3 b5
15.Qh3e3 Bc8b7
16.Rf1e1 Rf8c8
17.Ra1c1 Qc7e7
18.Ne2g3 g6
19.d4 Rc8c4
20.e5 dxe5
21.dxe5 Bf6g5
22.Qe3b6 Bg5xc1
23.Re1xc1 h5
24.h3 h4
25.Ng3e2 Ra8c8
26.Qb6e3 Qe7c5
27.Qe3g5 Qc5f8
28.Ne2f4 Qf8g7
29.Rc1d1 b4
30.axb4 Rc4xb4
31.Rd1d2 a5
32.Kh2 a4
33.Rd2d8 Rc8xd8
34.Qg5xd8 Qg7f8
35.Qd8xh4 Qf8g7
36.Qh4d8 Qg7f8
37.Qd8f6 Rb4xb2
38.Nc3xa4 Rb2xf2
39.Na4c3 Rf2c2
40.Nc3e2 Rc2c8
41.g4 Qf8g7
42.Qf6e7 Bb7a6
43.Qe7d7 Qg7xe5
44.Qd7d2 Ba6xe2
45.Qd2xe2 Qe5xf4
{ resign }
0-1

[Event "Tourn. n8872"]
[Site "www.chess-mail.com"]
[Date "2016.08.28"]
[Round "1"]
[White "Biggles"]
[Black "Julian"]
[WhiteElo "2080"]
[BlackElo "2050"]
[Result "1/2-1/2"]
[Round "1"]
1.e4 c5
2.Ng1f3 d6
3.d4 cxd4
4.Nf3xd4 Ng8f6
5.Nb1c3 a6
6.Bf1e2 e5
7.Nd4f3 Bc8e6
8.O-O Bf8e7
9.Bc1g5 Nb8d7
10.Rf1e1 O-O
11.h3 b5
12.Nf3d2 Ra8c8
13.f4 exf4
14.Bg5xf4 Nd7e5
15.Nd2f3 Qd8b6
16.Kf1 Rc8xc3
17.Bf4xe5 Rc3xf3
18.Be2xf3 dxe5
19.b3 Be7b4
20.Re1e2 Bb4c3
21.Ra1b1 Rf8d8
22.Qd1c1 Qb6d4
23.Qc1e3 b4
24.Qe3xd4 exd4
25.Rb1d1 a5
26.Re2e3 Rd8c8
27.Re3e2 Nf6d7
28.g4 Nd7e5
29.Kf2 Rc8a8
30.Kg3 a4
31.g5 axb3
32.cxb3 d3
33.Re2e3 Ra8xa2
34.Rd1xd3 Ne5xd3
35.Re3xd3 g6
36.Kf4 Ra2a5
37.Bf3d1 Be6xh3
38.Rd3xh3 Kg7
39.Bd1e2 f5
40.Be2d3 fxe4
41.Bd3xe4 Bc3d2
42.Kf3 Ra5xg5
43.Be4c6 h5
44.Ke2 Bd2c3
45.Kd3 Rg5c5
46.Bc6e8 Bc3f6
47.Rh3e3 Rc5c3
48.Ke2 Rc3xe3
49.Kxe3 Kh6
50.Kf4 g5
51.Kf5 Bf6c3
52.Be8c6 h4
53.Kg4 Bc3d2
54.Bc6e4 Bd2f4
55.Be4f5 Bf4d2
56.Bf5e4 { draw }
1/2-1/2

[Event "Tourn. n8907"]
[Site "www.chess-mail.com"]
[Date "2016.08.28"]
[Round "1"]
[White "Bojan"]
[Black "Picifarkinca"]
[WhiteElo "1930"]
[BlackElo "1990"]
[Result "1-0"]
[Round "1"]
1.e4 e5
2.Ng1f3 Ng8f6
3.Nf3xe5 d6
4.Ne5f3 Nf6xe4
5.Bf1c4 d5
6.Bc4b5 c6
7.Bb5d3 Ne4f6
8.O-O Bf8e7
9.b3 O-O
10.Bc1b2 Bc8g4
11.Bd3e2 Nb8d7
12.h3 Bg4f5
13.Nf3h2 Qd8b6
14.d3 Be7d6
15.Nh2f3 Rf8e8
16.Bb2d4 Qb6c7
17.Nf3h4 Bf5g6
18.a4 c5
19.Bd4b2 d4
20.Nh4xg6 hxg6
21.Nb1d2 Nd7e5
22.f4 Ne5c6
23.g3 Re8e3
24.Kg2 Ra8e8
25.Be2f3 Nf6h5
26.Bf3xh5 gxh5
27.Qd1xh5 Re3e2
28.Rf1f2 Bd6xf4
29.Rf2xe2 Re8xe2
30.Qh5xe2 { resign }
1-0

[Event "Tourn. n8896"]
[Site "www.chess-mail.com"]
[Date "2016.08.28"]
[Round "1"]
[White "Wegaman"]
[Black "Amaya"]
[WhiteElo "1860"]
[BlackElo "2080"]
[Result "0-1"]
[Round "1"]
1.d4 d5
2.c4 c6
3.Nb1c3 Ng8f6
4.Ng1f3 Bc8g4
5.e3 Nf6e4
6.Bf1e2 e6
7.O-O Bf8d6
8.c5 Bd6c7
9.Nc3xe4 dxe4
10.Nf3d2 Bg4f5
11.f3 Qd8h4
12.f4 g5
13.g3 Qh4h3
14.Rf1f2 gxf4
15.gxf4 Rh8g8
16.Kh1 Bc7d8
17.Qd1f1 Qh3xe3
18.Nd2c4 Qe3xd4
19.Nc4d6 Ke7
20.Nd6xb7 Bf5h3
21.Qf1e1 e3
22.Rf2f3 Bh3g2
23.Kg1 Bg2xf3
24.Kf1 Qd4xf4
{ resign }
0-1

[Event "Tourn. n8895"]
[Site "www.chess-mail.com"]
[Date "2016.08.28"]
[Round "1"]
[White "Ranjachess"]
[Black "Ison"]
[WhiteElo "1730"]
[BlackElo "1780"]
[Result "0-1"]
[Round "1"]
1.d4 Ng8f6
2.Nb1c3 g6
3.e4 d6
4.Bc1f4 Bf8g7
5.Ng1f3 O-O
6.e5 dxe5
7.Nf3xe5 Bc8f5
8.Bf1c4 Nb8d7
9.Qd1e2 Nd7b6
10.O-O-O e6
11.Qe2f3 Nb6xc4
12.Ne5xc4 Bf5g4
13.Qf3xb7 Bg4xd1
14.Rh1xd1 Nf6d5
15.Nc3xd5 Qd8xd5
16.Qb7xd5 exd5
17.Nc4e5 Bg7xe5
18.Bf4xe5 c6
19.b4 a5
20.a3 axb4
21.Be5d6 Rf8e8
22.Bd6xb4 Re8e2
23.Rd1d2 Ra8e8
24.c3 Re2e6
25.f4 Re8a8
26.g3 f5
27.Kc2 Kf7
28.Kb3 Re6e1
29.c4 Re1e3
30.Bb4c3 dxc4
31.Kxc4 Ra8xa3
32.Bc3b4 Ra3a4
33.d5 Re3e4
34.Kc5 Ra4xb4
35.dxc6 Rb4c4
36.Kd6 Rc4d4
37.Rd2xd4 Re4xd4
38.Kc7 Ke7
39.Kc8 Rd4c4
40.c7 Kd6
41.h3 Rc4xc7
42.Kd8 Rc7c3
43.g4 Rc3a3
44.Ke8 Ra3xh3
45.gxf5 gxf5
46.Kf7 Rh3g3
47.Kf6 h5
48.Kxf5 h4
49.Ke4 h3
50.f5 h2
51.f6 h1Q
52.Kf4 Qh1f3

0-1

[Event "Tourn. n8898"]
[Site "www.chess-mail.com"]
[Date "2016.08.28"]
[Round "1"]
[White "Zeksky"]
[Black "Kozakliuty"]
[WhiteElo "1499"]
[BlackElo "1660"]
[Result "1-0"]
[Round "1"]
1.e4 f6
2.Ng1f3 Nb8c6
3.Bf1c4 e6
4.c3 g6
5.d4 Bf8g7
6.O-O Ng8e7
7.d5 Nc6e5
8.Nf3xe5 fxe5
9.dxe6 dxe6
10.Qd1xd8 Kxd8
11.Bc1g5  { time }
1-0

[Event "Tourn. n8895"]
[Site "www.chess-mail.com"]
[Date "2016.08.28"]
[Round "1"]
[White "Ison"]
[Black "Cal"]
[WhiteElo "1780"]
[BlackElo "1710"]
[Result "1-0"]
[Round "1"]
1.e4 e5
2.Ng1f3 d6
3.d4 exd4
4.Nf3xd4 h6
5.Nb1c3 c5
6.Bf1b5 Bc8d7
7.Bb5xd7 Qd8xd7
8.Nd4f5 Ng8f6
9.Bc1f4 Nb8c6
10.Bf4xd6 O-O-O
11.O-O Bf8xd6
12.Rf1e1 Qd7c7
13.Nf5xd6 Rd8xd6
14.Qd1f3 Nc6d4
15.Qf3h3 Kb8
16.e5 Rd6e6
17.exf6 Re6xf6
18.Nc3d5 Qc7d6
19.Nd5xf6 Qd6xf6
20.Ra1c1 g5
21.c3 Nd4e6
22.Qh3g3 Ne6f4
23.Rc1d1 a6
24.Re1e4 Rh8c8
25.Qg3e3 Qf6f5
26.Re4e8 Rc8xe8
27.Qe3xe8 Ka7
28.Rd1e1 Qf5g4
29.Qe8e4 Nf4h3
30.Kf1 Nh3f4
31.h3 Qg4h4
32.Qe4e3 Nf4d5
33.Qe3xc5 Nd5b6
34.b3 a5
35.Qc5xa5 Kb8
36.Qa5xb6 Qh4f4
37.Re1e8 { resign }
1-0

[Event "Tourn. n8947"]
[Site "www.chess-mail.com"]
[Date "2016.08.28"]
[Round "1"]
[White "4m6az"]
[Black "Umutkrc"]
[WhiteElo "1809"]
[BlackElo "1870"]
[Result "0-1"]
[Round "1"]
1.e4 e5
2.Ng1f3 d6
3.d4 exd4
4.Nf3xd4 h6
5.Nb1c3 a6
6.Bf1c4 c5
7.Nd4f3 b5
8.Qd1d5 Bc8e6
9.Qd5xa8 Be6xc4
10.b3 Bc4e6
11.Nc3d5 Ng8e7
12.Bc1b2 Be6xd5
13.exd5 Qd8c7
14.O-O Ne7c8
15.Rf1e1 Bf8e7
16.Re1xe7 Nc8xe7
17.Bb2xg7 Rh8g8
18.Bg7f6 Ne7c8
19.Ra1e1 Kd7
20.Nf3e5 dxe5
21.Bf6xe5 Nc8b6
22.Be5xc7 Nb6xa8
23.Bc7a5 Kd6
24.Re1d1 Nb8d7
25.Rd1e1 Na8b6
26.a3 Nb6xd5
27.c4 Nd5f4
28.g3 Nd7e5
29.cxb5 Ne5f3
30.Kh1 Nf3xe1
31.gxf4 Ne1f3
{ resign }
0-1

[Event "Tourn. n8898"]
[Site "www.chess-mail.com"]
[Date "2016.08.28"]
[Round "1"]
[White "Hansen"]
[Black "Kozakliuty"]
[WhiteElo "1600"]
[BlackElo "1660"]
[Result "1-0"]
[Round "1"]
1.e4 f6
2.h4 e5
3.h5 Bf8c5
4.Qd1g4 Qd8e7
5.Nb1c3 c6
6.Bf1c4 Ng8h6
7.Qg4g3 d6
8.a3 b5
9.Bc4d3 Bc8e6
10.b4 Bc5d4
11.Ng1e2 Bd4b6
12.O-O Nb8d7
13.a4 bxa4
14.Ra1xa4  { time }
1-0

[Event "Match"]
[Site "www.echecsemail.com"]
[Date "2016.08.28"]
[Round "1"]
[White "Darknight"]
[Black "Paco"]
[WhiteElo "1730"]
[BlackElo "1910"]
[Result "0-1"]
[Round "1"]
1.e4 e5
2.Ng1f3 Nb8c6
3.c3 Ng8f6
4.d3 Bf8c5
5.h3 d5
6.exd5 Qd8xd5
7.Qd1e2 Bc8f5
8.Qe2d2 O-O-O
9.Bf1e2 e4
10.Nf3h4 exd3
11.Be2f3 Nf6e4
12.Bf3xe4 Qd5xe4
13.Kf1 Qe4xh4
14.b4 Bc5b6
15.a4 Rh8e8
16.Nb1a3 Re8e2
17.Qd2f4 Re2xf2
18.Kg1 Rf2xf4
19.Kh2 Bb6f2
20.Rh1f1 Bf2g3
21.Kg1 Rf4xf1
22.Kxf1 Bf5xh3
23.gxh3 Qh4xh3
24.Kg1 Qh3h2
{ resign }
0-1

[Event "Match"]
[Site "www.echecsemail.com"]
[Date "2016.08.28"]
[Round "1"]
[White "Gambitmiau"]
[Black "Sonny1000"]
[WhiteElo "1880"]
[BlackElo "1480"]
[Result "1-0"]
[Round "1"]
1.e4 Nb8c6
2.Bf1b5 e5
3.Bb5xc6 dxc6
4.h3 Qd8h4
5.Ng1f3 Qh4xe4
6.Qd1e2 Qe4xc2
7.Qe2xe5 Kd8
8.O-O Qc2d3
9.Qe5d4 Qd3xd4
10.Nf3xd4 Ng8e7
11.Nb1c3 Ne7d5
12.a3 Nd5f4
13.Rf1e1 Nf4d3
14.Re1e3 Nd3xc1
15.Ra1xc1 Bf8c5
16.Re3d3 Bc5b6
17.Nd4xc6 { resign }
1-0

[Event "Match"]
[Site "www.echecsemail.com"]
[Date "2016.08.28"]
[Round "1"]
[White "Mdesouza"]
[Black "Johndyson"]
[WhiteElo "2260"]
[BlackElo "2540"]
[Result "1-0"]
[Round "1"]
1.e4 c6
2.d4 d5
3.exd5 cxd5
4.c4 Ng8f6
5.Nb1c3 Nb8c6
6.Bc1g5 dxc4
7.d5 Nc6e5
8.Qd1d4 h6
9.Qd4xe5 hxg5
10.Bf1xc4 Bc8d7
11.Bc4b3 g4
12.Ra1d1 Rh8h5
13.Qe5g3 b5
14.Ng1e2 b4
15.Nc3b1 a5
16.O-O Qd8b8
17.Qg3xb8 Ra8xb8
18.Ne2f4 Rh5f5
19.g3 Rb8c8
20.a4 g6
21.Rf1e1 Bf8h6
22.Nf4g2 Rf5f3
23.Ng2e3 Nf6e4
24.Nb1d2 Ne4xf2
25.Nd2xf3 Bh6xe3
26.Rd1a1 Be3a7
27.Nf3e5 Nf2d3
28.Kg2 Nd3xe1
29.Ra1xe1 Ba7d4
30.Ne5c4 Kf8
31.Re1d1 Bd4xb2
32.Nc4xb2 Rc8c3
33.Rd1d3 Bd7f5
34.Rd3xc3 bxc3
35.Nb2c4 c2
36.Bb3xc2 Bf5xc2
37.Kf2 Bc2b3
38.d6 exd6
39.Nc4xd6 Bb3d5
40.Nd6c8 f5
41.Ke3 Kf7
42.Kd4 Ke6
43.Nc8a7 g5
44.Na7b5 Bd5c6
45.Nb5c7 Kd6
46.Nc7a6 f4
47.Na6c5 f3
48.Nc5d3  { time }
1-0

[Event "Match"]
[Site "www.echecsemail.com"]
[Date "2016.08.28"]
[Round "1"]
[White "4m6az"]
[Black "Umutkrc"]
[WhiteElo "1809"]
[BlackElo "1860"]
[Result "1-0"]
[Round "1"]
1.d4 e6
2.Bc1f4 Ng8f6
3.a3 Nf6d5
4.Bf4g3 Nb8c6
5.e4 Nd5f6
6.Nb1c3 a6
7.e5 Nf6g8
8.Ng1f3 d6
9.Bg3h4 Bf8e7
10.Bh4xe7 Ng8xe7
11.Bf1d3 dxe5
12.dxe5 Ne7f5
13.Bd3xf5 Qd8xd1
14.Ra1xd1 exf5
15.Nc3d5 O-O
16.Nd5xc7 Ra8b8
17.O-O Bc8e6
18.Nf3g5 Nc6xe5
19.Ng5xe6 fxe6
20.Nc7xe6 Rf8c8
21.c3 Ne5c4
22.Rd1d5 Nc4xb2
23.Rf1b1 Rc8xc3
24.g3 Nb2c4
25.a4 Nc4b6
26.Rb1xb6 Rb8e8
27.Rd5xf5 h6
28.Ne6f4 Rc3c1
29.Kg2 Re8e1
30.Rb6xb7 g5
31.Rb7b8 Kg7
32.Nf4d3 Re1g1
33.Kh3 Rc1c4
34.f4 Kg6
35.Nd3e5 Kxf5
36.Ne5xc4 g4
37.Kh4 h5
38.Kxh5 Rg1h1
39.Nc4e3 Ke4
40.Ne3xg4 Kf3
41.f5 Rh1a1
42.Rb8b4 { resign }
1-0

[Event "Tourn. n8904"]
[Site "www.chess-mail.com"]
[Date "2016.08.29"]
[Round "1"]
[White "Orhany24"]
[Black "Madz123456"]
[WhiteElo "2190"]
[BlackElo "2020"]
[Result "1-0"]
[Round "1"]
1.d4 Ng8f6
2.c4 e6
3.Nb1c3 Bf8b4
4.a3 Bb4xc3
5.bxc3 d6
6.Bc1g5 O-O
7.f4 c5
8.Ng1f3 Nb8d7
9.e4 cxd4
10.cxd4 e5
11.fxe5 dxe5
12.d5 Nd7c5
13.Bf1d3 Qd8a5
14.Ke2  { time }
1-0

[Event "Tourn. n8905"]
[Site "www.chess-mail.com"]
[Date "2016.08.29"]
[Round "1"]
[White "Picifarkinca"]
[Black "Madz123456"]
[WhiteElo "1990"]
[BlackElo "2020"]
[Result "1-0"]
[Round "1"]
1.Ng1f3 Ng8f6
2.g3 b6
3.Bf1g2 Bc8b7
4.O-O e6
5.b3 Bf8e7
6.Bc1b2 O-O
7.c4 d5
8.Nf3e5 c5
9.d4 Nb8d7
10.Ne5xd7 Qd8xd7
11.Nb1c3 dxc4
12.Bg2xb7 Qd7xb7
13.f3  { time }
1-0

[Event "Tourn. n8917"]
[Site "www.chess-mail.com"]
[Date "2016.08.29"]
[Round "1"]
[White "Madz123456"]
[Black "Mitja"]
[WhiteElo "1940"]
[BlackElo "1900"]
[Result "0-1"]
[Round "1"]
1.d4 d5
2.c4 dxc4
3.Ng1f3 e6
4.e3 c6
5.Bf1xc4 Nb8d7
6.O-O Ng8f6
7.Bc4d3 Nd7b6
8.Nb1c3 Nb6d5
9.e4 Nd5xc3
10.bxc3 Bf8e7
 { time }
0-1

[Event "Tourn. n8882"]
[Site "www.chess-mail.com"]
[Date "2016.08.29"]
[Round "1"]
[White "Julian"]
[Black "Jesmantiz"]
[WhiteElo "2090"]
[BlackElo "2150"]
[Result "0-1"]
[Round "1"]
1.e4 d6
2.d4 c6
3.c4 e6
4.Nb1c3 g6
5.f4 Bf8g7
6.Ng1f3 Ng8e7
7.Bf1d3 O-O
8.d5 Nb8a6
9.dxe6 Bc8xe6
10.Nf3g5 Be6d7
11.O-O h6
12.Ng5f3 Na6c5
13.Bd3c2 Qd8c7
14.Bc1e3 Ra8d8
15.Qd1e2 b6
16.Ra1d1 Bd7c8
17.Be3xc5 bxc5
18.e5 d5
19.cxd5 cxd5
20.h3 d4
21.Nc3e4 Ne7d5
22.Qe2d2 Nd5e3
23.Rf1e1 Ne3xd1
24.Bc2xd1 Bc8b7
25.Bd1a4 Bb7xe4
26.Re1xe4 Rd8b8
27.g4 Qc7b7
28.Ba4c2 Qb7xb2
29.g5 Qb2xa2
30.gxh6 Bg7xh6
31.Nf3g5 Rb8b2
32.Re4e2 c4
33.e6 d3
34.exf7 Kh8
35.Qd2c3 Bh6g7
36.Qc3xg7 Kxg7
37.Ng5e6 Kxf7
38.Ne6xf8 Kxf8
39.Bc2xd3 cxd3
{ resign }
0-1

[Event "Tourn. n8893"]
[Site "www.chess-mail.com"]
[Date "2016.08.29"]
[Round "1"]
[White "Nimzo"]
[Black "Faerieking"]
[WhiteElo "2840"]
[BlackElo "2230"]
[Result "0-1"]
[Round "1"]
1.e4 c5
2.b3 e6
3.Ng1f3 a6
4.Bc1b2 Ng8f6
5.e5 Nf6d5
6.g3 Bf8e7
7.Bf1g2 Nb8c6
8.O-O O-O
9.c4 Nd5c7
10.d4 cxd4
11.Nf3xd4 Nc6xd4
12.Bb2xd4 f6
13.Nb1c3 fxe5
14.Bd4xe5 d6
15.Be5d4 { time. }
0-1

[Event "Tourn. n8897"]
[Site "www.chess-mail.com"]
[Date "2016.08.29"]
[Round "1"]
[White "Vasylpuzanov"]
[Black "Orhany24"]
[WhiteElo "2080"]
[BlackElo "2180"]
[Result "0-1"]
[Round "1"]
1.e4 c5
2.Ng1f3 Nb8c6
3.d4 cxd4
4.Nf3xd4 d5
5.Nd4xc6 bxc6
6.exd5 Qd8xd5
7.Bc1d2 e5
8.Nb1c3 Qd5d8
9.Bf1c4 Ng8f6
10.O-O Bf8d6
11.Qd1e2 O-O
12.Ra1d1 Qd8c7
13.h3 a6
14.Bd2g5 Bd6e7
15.a3 h6
16.Bg5e3 Bc8f5
 { time }
0-1

[Event "Tourn. n8886"]
[Site "www.chess-mail.com"]
[Date "2016.08.29"]
[Round "1"]
[White "Sportuga"]
[Black "Madz123456"]
[WhiteElo "2029"]
[BlackElo "2280"]
[Result "1-0"]
[Round "1"]
1.c4 e5
2.Nb1c3 Ng8f6
3.Ng1f3 Nb8c6
4.a3 g6
5.g3 Bf8g7
6.d3 O-O
7.Bf1g2 d6
8.Bc1g5 h6
9.Bg5xf6 Bg7xf6
10.O-O Bf6g7
11.Ra1c1 Nc6e7
12.b4 Bc8e6
13.Qd1d2 c6
14.Rf1e1 d5
15.c5 b5
16.Re1d1 a5
17.d4 e4
18.Nf3e1  { time }
1-0

[Event "Tourn. n8897"]
[Site "www.chess-mail.com"]
[Date "2016.08.29"]
[Round "1"]
[White "Vasylpuzanov"]
[Black "Pimpampum"]
[WhiteElo "2080"]
[BlackElo "2210"]
[Result "0-1"]
[Round "1"]
1.e4 c5
2.Ng1f3 Nb8c6
3.d4 cxd4
4.Nf3xd4 Ng8f6
5.Nb1c3 a6
6.Bf1e2 e5
7.Nd4b3 Bf8b4
8.f3 d5
9.exd5 Nf6xd5
10.Bc1d2 Nd5xc3
11.Bd2xc3 Bb4xc3
12.bxc3 Qd8h4
13.g3 Qh4h3
14.Be2f1 Qh3h5
15.Bf1g2 O-O
16.O-O Rf8d8
17.Qd1e2 Bc8e6
 { time }
0-1

[Event "Tourn. n8816"]
[Site "www.chess-mail.com"]
[Date "2016.08.29"]
[Round "1"]
[White "Fabos12"]
[Black "Osopanda"]
[WhiteElo "1870"]
[BlackElo "1980"]
[Result "1-0"]
[Round "1"]
1.Ng1f3 d6
2.d4 Ng8f6
3.c4 g6
4.Nb1c3 Bf8g7
5.e4 O-O
6.Bc1e3 c6
7.Bf1d3 Qd8c7
8.Qd1d2 e5
9.dxe5 dxe5
10.c5 Bc8e6
11.Nf3g5 Nb8d7
12.Ng5xe6 fxe6
13.Bd3c4 Ra8e8
14.Qd2d6 Qc7xd6
15.cxd6 b5
16.Bc4b3 b4
17.Nc3a4 Nf6xe4
18.O-O-O c5
19.f3 Ne4f6
20.Na4xc5 Nd7xc5
21.Be3xc5 Nf6d7
22.Bc5xb4 Rf8f4
23.Bb4a3 e4
24.Rh1e1 Bg7h6
25.Kb1 exf3
26.gxf3 Rf4xf3
27.Bb3xe6 Kg7
28.Be6xd7 Re8xe1
29.Rd1xe1 Bh6f4
30.Re1e7 Kh6
31.Bd7g4 Rf3f1
32.Kc2 Rf1c1
33.Kb3 Rc1g1
34.h3 Rg1g3
35.Ka4 Rg3d3
36.d7 Bf4c7
37.Ba3c5 Rd3d5
38.Bc5e3 g5
39.Re7f7 Rd5a5
40.Kb3 Ra5b5
41.Kc2 Kg6
42.Rf7f8 h5
43.Bg4e2 Rb5d5
44.Be2d3 Kg7
45.Rf8f5 Rd5xd7
46.Rf5xg5 Kf6
47.Rg5xh5 Bc7b6
48.Be3xb6 axb6
49.Rh5h6 Kg5
50.Rh6xb6 Rd7c7
51.Kd2 Kh4
52.Bd3f5 Kg5
53.Bf5g4 Rc7c5
54.b4 Rc5d5
55.Ke3 { resign }
1-0

[Event "Tourn. n8890"]
[Site "www.chess-mail.com"]
[Date "2016.08.29"]
[Round "1"]
[White "Sportuga"]
[Black "Bojan"]
[WhiteElo "2029"]
[BlackElo "2000"]
[Result "1/2-1/2"]
[Round "1"]
1.d4 g6
2.Ng1f3 Bf8g7
3.c4 d5
4.Nb1c3 dxc4
5.Qd1a4 Bc8d7
6.Qa4xc4 Ng8f6
7.Bc1f4 c6
8.e4 e6
9.Bf4d6 Nb8a6
10.e5 Nf6d5
11.Bf1e2 Nd5f4
12.O-O b5
13.Qc4b3 Bd7c8
14.Rf1e1 Nf4xe2
15.Re1xe2 Na6c7
16.Ra1c1 a5
17.a4 b4
18.Nc3e4 Bc8b7
19.Ne4c5 Bb7a6
20.Re2c2 Bg7h6
21.Rc1e1 Nc7d5
22.Nf3d2 Bh6f8
23.Bd6xf8 Kxf8
24.Nc5xa6 Ra8xa6
25.Nd2c4 Kg7
26.Nc4d6 Qd8d7
27.Qb3d3 Ra6b6
28.Re1c1 Rh8f8
29.Rc2c5 f6
30.Nd6c4 Rb6a6
31.exf6 Rf8xf6
32.Nc4e5 Qd7c8
33.Rc5xc6 { draw }
1/2-1/2

[Event "Tourn. n8920"]
[Site "www.chess-mail.com"]
[Date "2016.08.29"]
[Round "1"]
[White "Bojan"]
[Black "Francesco"]
[WhiteElo "1870"]
[BlackElo "1970"]
[Result "1-0"]
[Round "1"]
1.e4 c6
2.d4 d5
3.exd5 cxd5
4.Nb1c3 Bc8f5
5.h3 e6
6.Ng1f3 Ng8f6
7.Nf3h4 Bf5e4
8.f3 Be4g6
9.Nh4xg6 hxg6
10.a3 Nb8d7
11.Bc1f4 Bf8e7
12.Bf1d3 Ra8c8
13.Nc3b5 a6
14.Nb5d6 Be7xd6
15.Bf4xd6 Qd8b6
16.Bd6b4 a5
17.Bb4c3 Nf6h5
18.g4 Nh5f4
19.h4 Nf4g2
20.Kf2 Ng2f4
21.Bd3f1 Ke7
22.Qd1d2 g5
23.b3 Qb6c7
24.Bc3xa5 Qc7xc2
25.Ba5b4 Kf6
26.hxg5 Kxg5
27.Rh1xh8 Qc2xd2
28.Bb4xd2 Rc8xh8
29.Kg3 Rh8h3
30.Bf1xh3 { resign }
1-0

[Event "Tourn. n8914"]
[Site "www.chess-mail.com"]
[Date "2016.08.29"]
[Round "1"]
[White "Fabos12"]
[Black "Madz123456"]
[WhiteElo "1950"]
[BlackElo "1940"]
[Result "1-0"]
[Round "1"]
1.d4 d5
2.Ng1f3 c6
3.Bc1f4 Bc8f5
4.e3 e6
5.c4 Qd8b6
6.Qd1d2 Bf8b4
7.Nb1c3 Ng8f6
8.a3 Nf6e4
9.Qd2c1  { time }
1-0

[Event "Tourn. n8847"]
[Site "www.chess-mail.com"]
[Date "2016.08.29"]
[Round "1"]
[White "Osmundw"]
[Black "A27l"]
[WhiteElo "1380"]
[BlackElo "1230"]
[Result "1-0"]
[Round "1"]
1.e4 e5
2.Ng1f3 d6
3.d4 exd4
4.Nf3xd4 Nb8c6
5.Bc1e3 Nc6xd4
6.Be3xd4 Bc8e6
7.Nb1c3 c6
8.e5 dxe5
9.Bd4xe5 Qd8xd1
10.Kxd1 O-O-O
11.Bf1d3 f6
12.Be5d4 Rd8xd4
13.Kd2 Bf8b4
14.Rh1e1 Be6f7
15.Re1e4 Rd4xe4
16.Bd3xe4 Bb4xc3
17.Kxc3 Ng8e7
18.Ra1d1 Rh8d8
19.Be4f3 Rd8xd1
20.Bf3xd1 Kd7
21.Bd1g4 Bf7e6
22.h3 Be6xg4
23.hxg4 g5
24.g3 Kd6
25.f4 gxf4
26.gxf4 Ne7d5
27.Kd3  { time }
1-0

[Event "Match"]
[Site "www.echecsemail.com"]
[Date "2016.08.29"]
[Round "1"]
[White "Coraza"]
[Black "Libiesse"]
[WhiteElo "1790"]
[BlackElo "1970"]
[Result "1-0"]
[Round "1"]
1.Ng1f3 d5
2.e3 e6
3.Nf3e5 Ng8f6
4.Bf1b5 c6
5.Bb5a4 Bf8d6
6.Ne5f3 O-O
7.d4 Nb8d7
8.Nb1c3 b6
9.Ba4xc6 { resign }
1-0

[Event "Match"]
[Site "www.echecsemail.com"]
[Date "2016.08.29"]
[Round "1"]
[White "Ztornad"]
[Black "Micheles"]
[WhiteElo "1780"]
[BlackElo "2530"]
[Result "0-1"]
[Round "1"]
1.e4 c6
2.Nb1c3 d5
3.d4 dxe4
4.Nc3xe4 Bc8f5
5.Ne4c5 b6
6.Nc5a4 Ng8f6
7.h3 Nf6d5
8.Ng1f3 Nd5b4
9.Bf1d3 Nb4xd3
10.Kf1 Nd3b4
11.Qd1d2 Nb4xc2
12.Nf3h4 Nc2xa1
13.Nh4xf5 Qd8d5
14.Nf5e3 Qd5b5
15.Kg1 Qb5xa4
16.b3 Na1xb3
17.Qd2c2 Nb3c5
18.Qc2d2 Nc5e4
19.Qd2e2 Ne4c3
20.Qe2b2 Nc3b5
21.Kh2 Nb5xd4
22.Rh1d1 c5
23.Ne3d5 Qa4xd1
24.Nd5c7 Kd7
25.Qb2d2 Qd1xd2
26.Bc1xd2 Kxc7
27.Bd2f4 Kc6
28.a4 Kd5
29.h4 e5
30.Bf4e3 c4
31.Kg1 Nd4f5
32.Be3g5 c3
33.Kf1 f6
34.Bg5c1 Kc4
35.g3 Nb8c6
36.f4 Nf5xg3
37.Kf2 Ng3f5
38.fxe5 Nc6xe5
39.h5 Ne5d3
40.Ke2 Nd3xc1
41.Kd1 Ra8e8
42.Kc2 Nc1d3
43.Kb1 Kb3
{ resign }
0-1